000 00787nam a2200253 i 4500
003 DO-SdBNP
005 20240628110106.0
007 ta
008 240628s2024 dr 000 j spa d
020 _a9789945223491
040 _aDO-SdBNP
_bspa
_cBNPHU
_erda
082 _bF363
_222
100 _aFernández Gómez, Blas Rafael,
_d1954-
_973426
245 1 0 _aProvidencias jurídicas y humanas /
_cBlas Rafael Fernández Gómez
264 1 _aSanto Domingo :
_bBúho,
_c2024.
300 _a117 páginas,
_c23 cm.
336 _2rdacontent
_atexto
_btxt
337 _2rdamedia
_asin mediación
_bn
338 _2rdacarrier
_avolumen
_bnc
500 _aIncluye datos biografícos del autor en las solapas.
590 _aInventariado, 2024/ YL
910 _aYLockward
942 _2ddc
_cLBS1
999 _c57063
_d57063